• 首页
  • 本馆介绍
  • 公告通知
  • 最新文献
  • 馆藏检索
  • 电子资源
  • 读者导购
  • 参考咨询
  • 我的图书馆
  • 登录
  • 详细信息显示
  • 放入我的书架
  • 预约/预借图书
  • 作者相关作品
  • 分类相关作品
  • 丛书相关作品
  • 出版社相关作品

书目信息

  • 表格格式
  • 工作单格式
  • 卡片格式
题名:
钱学森学派
    
 
作者: 徐德明 , 张华斌 , 俞薇薇 编著
分册:  
出版信息: 武汉   武汉大学出版社  2020.03
页数: 311页
开本: 24cm
丛书名:
单 册:
中图分类: G304
科图分类:
主题词: 科学体系学--研究--中国
电子资源:
ISBN: 978-7-307-21325-8
000 01109nam0 2200265 450
001 0108153857
005 20210308154400.0
010    @a978-7-307-21325-8@dCNY98.00
100    @a20200911d2020 em y0chiy50 ea
101 0  @achi
102    @aCN@b420000
105    @aag z 000yy
106    @ar
200 1  @a钱学森学派@Aqian xue sen xue pai@e原创性范畴研究@f徐德明, 张华斌, 俞薇薇编著
210    @a武汉@c武汉大学出版社@d2020.03
215    @a311页@c图, 照片@d24cm
330    @a本书从科学技术哲学角度入手,对钱学森学派的原创性范畴进行了梳理,着重对科学技术体系、复杂巨系统、知识经济、世界社会形态、共享价值体系、综合集成系统工程、大成智慧七个原创性范畴及其相互关系进行了介绍,并对“钱学森科学技术体系学说是马克思主义科学技术哲学的第二个历史形态”这一命题进行了论证。
517 1  @a原创性范畴研究@Ayuan chuang xing fan chou yan jiu
606 0  @a科学体系学@x研究@y中国
690    @aG304@v5
701  0 @a徐德明@Axu de ming@4编著@f(1939- )
701  0 @a张华斌@Azhang hua bin@4编著@f(1971- )
701  0 @a俞薇薇@Ayu wei wei@4编著@c(女)
801  0 @aCN@bBJSZM@c20210308
905    @b1270482-6@dG304@e307@f5
    
    钱学森学派:原创性范畴研究/徐德明, 张华斌, 俞薇薇编著.-武汉:武汉大学出版社,2020.03
    311页:图, 照片;24cm
    
    
    ISBN 978-7-307-21325-8:CNY98.00
    本书从科学技术哲学角度入手,对钱学森学派的原创性范畴进行了梳理,着重对科学技术体系、复杂巨系统、知识经济、世界社会形态、共享价值体系、综合集成系统工程、大成智慧七个原创性范畴及其相互关系进行了介绍,并对“钱学森科学技术体系学说是马克思主义科学技术哲学的第二个历史形态”这一命题进行了论证。
●
相关链接 在E读中查询图书 在五车中查询图书 在当当中查询图书 在豆瓣中查询图书


正题名:钱学森学派     索取号:G304/307         预约/预借

序号 登录号 条形码 馆藏地/架位号 状态 备注
1 1270482   212704821   第一样本阅览室/ [索取号:G304/307] 在馆    
2 1270483   212704830   教育系资料室/ [索取号:G304/307] 在馆    
3 1270484   212704849   教育系资料室/ [索取号:G304/307] 在馆    
4 1270485   212704858   第四借阅区/ [索取号:G304/307] 在馆    
5 1270486   212704867   第四借阅区/ [索取号:G304/307] 在馆    
唐山师范学院图书馆 欢迎您!
大连网信软件有限公司© 版权所有